| 000 | 00468nam a22001817a 4500 | ||
|---|---|---|---|
| 005 | 20230128131324.0 | ||
| 008 | 220215b ||||| |||| 00| 0 eng d | ||
| 020 | _a9788178002903 | ||
| 041 | _aeng | ||
| 082 |
_a615.5 _bIYE-A |
||
| 100 |
_aIYENGAR,M.A AND NAYAK, S.G.K _97097 |
||
| 245 | _aANATOMY OF CRUDE DRUGS | ||
| 250 | _a12'TH | ||
| 260 |
_aHYDRABAD _bPHARMA MED PRESS _c2006 |
||
| 300 | _a80;P. | ||
| 650 |
_aPHARMACY _xB.PHARMA & D.PHARMA _97472 |
||
| 942 | _cBK | ||
| 999 |
_c7934 _d7932 |
||